Manažérske štýly riadenia

Úloha manažéra v dodržiavaní súdržnosti skupiny. Kto je vodca, aké sú jeho osobnostné črty. Štýly riadenia. Situačné vodcovstvo.

Guardado en:
Detalles Bibliográficos
Autor principal: Dujková, Janette
Formato: Capítulo de libro
Lenguaje:eslovaco
Materias:
Etiquetas: Agregar Etiqueta
Sin Etiquetas, Sea el primero en etiquetar este registro!

MARC

LEADER 00000naa a2200000 4500
001 0283664
005 20240417075205.3
041 0 |a slo 
044 |a SK 
245 1 0 |a Manažérske štýly riadenia  |c Janette Dujková 
520 |a Úloha manažéra v dodržiavaní súdržnosti skupiny. Kto je vodca, aké sú jeho osobnostné črty. Štýly riadenia. Situačné vodcovstvo. 
610 2 0 |a personalistika 
610 2 0 |a riadenie 
610 2 0 |a tímy pracovné 
610 2 0 |a vedenie ľudí 
610 2 0 |a koučovanie 
100 1 |a Dujková, Janette